Green light five : student book /
Home life; Free time; Frontiers...
שמור ב:
| מחבר ראשי: | |
|---|---|
| מחברים אחרים: | |
| פורמט: | ספר |
| שפה: | English |
| יצא לאור: |
New York, NY :
McGraw-Hill,
2003.
|
| תגים: |
הוספת תג
אין תגיות, היה/י הראשונ/ה לתייג את הרשומה!
|
| Thư viện lưu trữ: | Mạng thư viện Đại học Đà Nẵng |
|---|
| LEADER | 00954nam a2200301 a 4500 | ||
|---|---|---|---|
| 001 | 000041772 | ||
| 003 | 30592 | ||
| 005 | 20201208095723.0 | ||
| 008 | 171030s2003 | ||
| 040 | |a LNN | ||
| 041 | 0 | |a eng | |
| 082 | 1 | 4 | |a 428 |b WI-I |
| 100 | 1 | |a Williams, Ivor. | |
| 245 | 0 | 4 | |a Green light five : |b student book / |c Ivor Williams, Dermot Curley. |
| 260 | |a New York, NY : |b McGraw-Hill, |c 2003. | ||
| 300 | |a vi, 146 p. : |b ill. ; |c 27 cm. | ||
| 520 | |a Home life; Free time; Frontiers... | ||
| 700 | 1 | |a Dermot Curley. | |
| OWN | |a LNN | ||
| 902 | |a TKA | ||
| AVA | |a UDN50 |b LNN |c English |e available |t Error 5001 Not defined in file expand_doc_bib_avail. |f 3 |g 0 |h N |i 0 |j AN | ||
| 999 | |a From the UDN01 | ||
| AVA | |a UDN50 |b LNN |c English |e available |t Error 5001 Not defined in file expand_doc_bib_avail. |f 3 |g 0 |h N |i 0 |j AN | ||
| TYP | |a Monograph | ||
| TYP | |a Printed language | ||
| 980 | |a Mạng thư viện Đại học Đà Nẵng | ||